[Event "COL-chT rapid (Women)"]
[Site "Cartagena"]
[Date "2019.11.29"]
[Round "4.2"]
[White "Matta, Paola Andrea"]
[Black "Rodriguez, Carolina"]
[Result "1/2-1/2"]
[WhiteElo "1855"]
[BlackElo "1718"]
[PlyCount "129"]
[EventDate "2019.11.29"]
[EventType "team-swiss"]
[EventRounds "7"]
[EventCountry "COL"]
[SourceTitle "CBM 193 Extra"]
[Source "ChessBase"]
[SourceDate "2020.01.31"]
[SourceVersion "1"]
[SourceVersionDate "2020.01.31"]
[SourceQuality "1"]
[WhiteTeam "Risaralda (W)"]
[BlackTeam "Meta (W)"]
[WhiteTeamCountry "COL"]
[BlackTeamCountry "COL"]

1. Nf3 Nf6 2. c4 g6 3. g3 Bg7 4. Bg2 c5 5. 0-0 0-0 6. Nc3 Nc6 7. d3 d6 8. Qd2 Rb8 9. b3 a6 10. Bb2 Qc7 11. Nd5 Nxd5 12. cxd5 Nb4 13. Bxg7 Kxg7 14. e4 a5 15. Rac1 Qd8 16. d4 b6 17. a3 Na6 18. Qb2 Kg8 19. Rfd1 Bg4 20. h3 Bd7 21. Qe2 Qc8 22. Qe3 Kg7 23. Kh2 h6 24. Qc3 Kh7 25. Re1 Qd8 26. Qd3 Nc7 27. h4 Bg4 28. a4 Qc8 29. Ng1 Ne8 30. e5 Qf5 31. Be4 Qxf2+ 32. Bg2 Ng7 33. dxc5 bxc5 34. Rf1 Qb2 35. exd6 exd6 36. Qe4 Bf5 37. Qf4 Qxb3 38. Qxd6 Nh5 39. Rf3 Qb2 40. Rcf1 Qf6 41. Qxf6 Nxf6 42. g4 Nxg4+ 43. Kg3 Ne5 44. Rc3 Rbc8 45. Re1 f6 46. Nf3 Nxf3 47. Bxf3 Rf7 48. Rec1 Bd7 49. Rxc5 Rxc5 50. Rxc5 Bxa4 51. Rxa5 Bb3 52. Rb5 Bc4 53. Rc5 Ba2 54. d6 Kg8 55. Rc7 Be6 56. Bc6 Rxc7 57. dxc7 Bc8 58. Kf4 Kf7 59. Ke3 Ke6 60. Be8 g5 61. hxg5 fxg5 62. Ke4 Kd6 63. Bh5 Kxc7 64. Ke5 g4 65. Ke4 1/2-1/2

[Event "COL-chT rapid (Women)"]
[Site "Cartagena"]
[Date "2019.11.29"]
[Round "5.2"]
[White "Rodriguez, Carolina"]
[Black "Pantoja Pantoja, Danna Nicole"]
[Result "1-0"]
[WhiteElo "1718"]
[BlackElo "1502"]
[PlyCount "37"]
[EventDate "2019.11.29"]
[EventType "team-swiss"]
[EventRounds "7"]
[EventCountry "COL"]
[SourceTitle "CBM 193 Extra"]
[Source "ChessBase"]
[SourceDate "2020.01.31"]
[SourceVersion "1"]
[SourceVersionDate "2020.01.31"]
[SourceQuality "1"]
[WhiteTeam "Meta (W)"]
[BlackTeam "Narino (W)"]
[WhiteTeamCountry "COL"]
[BlackTeamCountry "COL"]

1. e4 e5 2. Nf3 Nc6 3. d4 exd4 4. Nxd4 Nxd4 5. Qxd4 d6 6. Nc3 Nf6 7. Be3 Be7 8. Be2 0-0 9. h3 Be6 10. 0-0 h6 11. f4 c6 12. Qd2 a6 13. f5 Bd7 14. Rf3 Qc8 15. Rg3 d5 16. Bxh6 Nh7 17. Bxg7 Re8 18. Bf6+ Kf8 19. Qh6# 1-0

[Event "COL-chT (Women)"]
[Site "Cartagena"]
[Date "2019.11.27"]
[Round "6.3"]
[White "Rodriguez, Carolina"]
[Black "Bolanos Calvache, Brigeth Vanessa"]
[Result "1-0"]
[WhiteElo "1667"]
[BlackElo "1741"]
[PlyCount "71"]
[EventDate "2019.11.24"]
[EventType "team-swiss"]
[EventRounds "7"]
[EventCountry "COL"]
[SourceTitle "CBM 193 Extra"]
[Source "ChessBase"]
[SourceDate "2020.01.31"]
[SourceVersion "1"]
[SourceVersionDate "2020.01.31"]
[SourceQuality "1"]
[WhiteTeam "Meta (W)"]
[BlackTeam "Cauca (W)"]
[WhiteTeamCountry "COL"]
[BlackTeamCountry "COL"]

1. e4 c5 2. Nf3 d6 3. d4 cxd4 4. Nxd4 Nf6 5. Nc3 a6 6. g3 e6 7. a4 Be7 8. Bg2 Qc7 9. 0-0 0-0 10. Kh1 Nc6 11. Nb3 b6 12. f4 Bb7 13. g4 h6 14. h4 Na5 15. g5 Nxb3 16. cxb3 hxg5 17. hxg5 Nd7 18. Qh5 g6 19. Qh4 Rfd8 20. Be3 Rac8 21. Bd4 e5 22. Be3 exf4 23. Rxf4 Ne5 24. Raf1 Bf8 25. Kh2 Bg7 26. Kg3 Kf8 27. Bh3 Rb8 28. Be6 Qe7 29. Bd5 Bc8 30. Bd4 Ke8 31. Kg2 b5 32. Bxe5 Qxe5 33. Rxf7 bxa4 34. Bc6+ Bd7 35. Bd5 Rxb3 36. Qh8+ 1-0

[Event "COL-chT (Women)"]
[Site "Cartagena"]
[Date "2019.11.26"]
[Round "5.3"]
[White "Rodriguez, Carolina"]
[Black "Gomez Saenz, Manuela"]
[Result "1-0"]
[WhiteElo "1667"]
[BlackElo "1593"]
[PlyCount "91"]
[EventDate "2019.11.24"]
[EventType "team-swiss"]
[EventRounds "7"]
[EventCountry "COL"]
[SourceTitle "CBM 193 Extra"]
[Source "ChessBase"]
[SourceDate "2020.01.31"]
[SourceVersion "1"]
[SourceVersionDate "2020.01.31"]
[SourceQuality "1"]
[WhiteTeam "Meta (W)"]
[BlackTeam "Caldas (W)"]
[WhiteTeamCountry "COL"]
[BlackTeamCountry "COL"]

1. e4 c5 2. Nf3 d6 3. d4 cxd4 4. Nxd4 Nf6 5. Nc3 a6 6. Be3 e6 7. g3 b5 8. Bg2 Bb7 9. Qd3 Nbd7 10. f3 Be7 11. 0-0 0-0 12. Kh1 Qc7 13. a3 Ne5 14. Qe2 Nc4 15. Bc1 d5 16. exd5 Nxd5 17. Nxd5 Bxd5 18. c3 Rac8 19. Nc2 Nd6 20. Ne3 Bb3 21. Re1 Rfd8 22. f4 Nc4 23. Nxc4 Bxc4 24. Qf2 Bc5 25. Be3 Bxe3 26. Rxe3 Rd6 27. Rae1 Rcd8 28. Bf3 Rd2 29. Be2 Rxb2 30. Qf1 Rdd2 31. Kg1 Qc5 32. Bxc4 bxc4 33. Qf3 g6 34. h4 Qf5 35. R1e2 Qb1+ 36. Kf2 Rd1 37. Kg2 Rb3 38. g4 Rxa3 39. f5 gxf5 40. gxf5 Qxf5 41. Qa8+ Kg7 42. Rg3+ Kh6 43. Qf8+ Kh5 44. Rg5+ Qxg5+ 45. hxg5 Kxg5 46. Qxa3 1-0

[Event "COL-ch sf1"]
[Site "Medellin"]
[Date "2019.04.19"]
[Round "7"]
[White "Rodriguez, Carolina"]
[Black "Rativa Jimenez, Laura Milena"]
[Result "1/2-1/2"]
[WhiteElo "1716"]
[BlackElo "1455"]
[PlyCount "51"]
[EventDate "2019.04.16"]
[EventType "swiss"]
[EventRounds "10"]
[EventCountry "COL"]
[SourceTitle "CBM 190 Extra"]
[Source "ChessBase"]
[SourceDate "2019.07.15"]
[SourceVersion "1"]
[SourceVersionDate "2019.07.15"]
[SourceQuality "1"]

1. e4 g6 2. d4 Bg7 3. Be3 d6 4. f4 Nf6 5. Nc3 0-0 6. Nf3 b6 7. h4 Bb7 8. Bd3 Ng4 9. Bg1 e5 10. fxe5 dxe5 11. d5 Nd7 12. Ng5 Ndf6 13. Ne2 h6 14. Nf3 Nh5 15. Qd2 Qf6 16. Be3 Nxe3 17. Qxe3 Nf4 18. Kf2 Bc8 19. Raf1 Bg4 20. Kg1 Qd6 21. c4 c6 22. b3 Bf6 23. g3 Nxe2+ 24. Bxe2 Bg7 25. Rh2 cxd5 26. cxd5 1/2-1/2

[Event "COL sub zt 2.3.4 (Women)"]
[Site "La Dorada"]
[Date "2016.11.07"]
[Round "9"]
[White "Rodriguez, Carolina"]
[Black "Sarmiento, Carolina"]
[Result "0-1"]
[WhiteElo "1752"]
[BlackElo "1630"]
[PlyCount "20"]
[EventDate "2016.11.02"]
[EventType "swiss"]
[EventRounds "9"]
[EventCountry "COL"]
[SourceTitle "CBM 175 Extra"]
[Source "ChessBase"]
[SourceDate "2016.12.12"]
[SourceVersion "1"]
[SourceVersionDate "2016.12.12"]
[SourceQuality "1"]

1. e4 c5 2. Nf3 d6 3. d4 cxd4 4. Nxd4 Nf6 5. Nc3 a6 6. g3 e5 7. Nb3 Be7 8. Bg2 Be6 9. 0-0 b5 10. Bg5 Nbd7 0-1

[Event "COL sub zt 2.3.4 (Women)"]
[Site "La Dorada"]
[Date "2016.11.06"]
[Round "8"]
[White "Diaz, Luisa Fernanda"]
[Black "Rodriguez, Carolina"]
[Result "1-0"]
[WhiteElo "1852"]
[BlackElo "1752"]
[PlyCount "101"]
[EventDate "2016.11.02"]
[EventType "swiss"]
[EventRounds "9"]
[EventCountry "COL"]
[SourceTitle "CBM 175 Extra"]
[Source "ChessBase"]
[SourceDate "2016.12.12"]
[SourceVersion "1"]
[SourceVersionDate "2016.12.12"]
[SourceQuality "1"]

1. e4 c5 2. Nf3 d6 3. Bb5+ Bd7 4. Bxd7+ Qxd7 5. c4 Nc6 6. 0-0 e6 7. Nc3 a6 8. d4 cxd4 9. Nxd4 Rc8 10. b3 Nf6 11. Be3 Be7 12. Rc1 0-0 13. f3 Qd8 14. Nxc6 Rxc6 15. Qd2 Qc7 16. Rfd1 Rc8 17. Ne2 Qb8 18. Qb4 b5 19. cxb5 Rxc1 20. Rxc1 Rxc1+ 21. Nxc1 Qxb5 22. Qxb5 axb5 23. a4 bxa4 24. bxa4 d5 25. e5 Nd7 26. f4 Bc5 27. Bxc5 Nxc5 28. a5 Kf8 29. Nb3 Na6 30. Kf2 Ke7 31. Ke3 Kd7 32. Nd4 Nc5 33. Kd2 f6 34. Kc3 Na6 35. g3 fxe5 36. fxe5 Nc5 37. Kb4 Nd3+ 38. Kb5 Nxe5 39. a6 Kc8 40. Nxe6 Nd7 41. a7 Kb7 42. Nc5+ Nxc5 43. Kxc5 Kxa7 44. Kxd5 Kb6 45. Ke6 Kc6 46. Kf7 g5 47. Kg7 h5 48. Kg6 h4 49. Kxg5 hxg3 50. hxg3 Kd6 51. Kf6 1-0

[Event "COL sub zt 2.3.4 (Women)"]
[Site "La Dorada"]
[Date "2016.11.04"]
[Round "5"]
[White "Santos Caballero, Edna Liliana"]
[Black "Rodriguez, Carolina"]
[Result "0-1"]
[WhiteElo "1541"]
[BlackElo "1752"]
[PlyCount "86"]
[EventDate "2016.11.02"]
[EventType "swiss"]
[EventRounds "9"]
[EventCountry "COL"]
[SourceTitle "CBM 175 Extra"]
[Source "ChessBase"]
[SourceDate "2016.12.12"]
[SourceVersion "1"]
[SourceVersionDate "2016.12.12"]
[SourceQuality "1"]

1. d4 Nf6 2. c4 g6 3. Nc3 Bg7 4. Nf3 0-0 5. e4 d6 6. h3 e5 7. d5 a5 8. Bd3 Na6 9. 0-0 Ne8 10. a3 Nc5 11. Bc2 Bd7 12. b3 f5 13. Rb1 f4 14. b4 axb4 15. axb4 Na6 16. b5 Nc5 17. Re1 g5 18. Nh2 Rf6 19. f3 Rg6 20. Na4 Nxa4 21. Bxa4 h5 22. Bc2 g4 23. fxg4 hxg4 24. Nxg4 Nf6 25. Nf2 Nh7 26. Kf1 Qh4 27. Rb3 Ng5 28. Nh1 f3 29. gxf3 Nxh3 30. Be3 Nf4 31. Bxf4 Bh3+ 32. Ke2 Rg2+ 33. Kd3 Qxf4 34. Rf1 Bh6 35. Qe1 Rd2+ 36. Kc3 Bxf1 37. Qg3+ Qxg3 38. Nxg3 Bxc4 39. Kxc4 Rxc2+ 40. Kd3 Raa2 41. Nf5 Bf4 42. b6 Rc5 43. bxc7 Rd2# 0-1

[Event "COL sub zt 2.3.4 (Women)"]
[Site "La Dorada"]
[Date "2016.11.02"]
[Round "1"]
[White "Rodriguez, Carolina"]
[Black "Franco Valencia, Angela Maria"]
[Result "0-1"]
[WhiteElo "1752"]
[BlackElo "2246"]
[PlyCount "80"]
[EventDate "2016.11.02"]
[EventType "swiss"]
[EventRounds "9"]
[EventCountry "COL"]
[SourceTitle "CBM 175 Extra"]
[Source "ChessBase"]
[SourceDate "2016.12.12"]
[SourceVersion "1"]
[SourceVersionDate "2016.12.12"]
[SourceQuality "1"]

1. e4 c5 2. Nf3 d6 3. d4 cxd4 4. Nxd4 Nf6 5. Nc3 a6 6. a4 e5 7. Nb3 Be7 8. g3 Bg4 9. f3 Be6 10. Bg2 0-0 11. 0-0 Nbd7 12. Kh1 Nb6 13. f4 exf4 14. Rxf4 Qd7 15. Nd4 Bg4 16. Bf3 Bxf3+ 17. Qxf3 Nc4 18. Nf5 Ne5 19. Nxe7+ Qxe7 20. Qg2 Rac8 21. g4 Ng6 22. Rf2 Rxc3 23. bxc3 Nh4 24. Qf1 Qxe4+ 25. Kg1 Qxg4+ 26. Kh1 Qe4+ 27. Kg1 Re8 28. Bd2 Qxc2 29. Rc1 Qg6+ 30. Kh1 Ne4 31. Re2 d5 32. Rce1 Rf8 33. Qh3 Qh5 34. Bf4 h6 35. Rb2 b5 36. axb5 axb5 37. Qe3 Nf5 38. Qg1 Qf3+ 39. Qg2 Qxf4 40. Rxb5 Ne3 0-1

[Event "Bogota Univ Blitz op (Women) 9th"]
[Site "Bogota"]
[Date "2015.10.12"]
[Round "1.2"]
[White "Rodriguez, Carolina"]
[Black "Mateus, Martha"]
[Result "0-1"]
[WhiteElo "1815"]
[BlackElo "2039"]
[PlyCount "44"]
[EventDate "2015.10.12"]
[EventType "swiss (blitz)"]
[EventRounds "10"]
[EventCountry "COL"]
[SourceTitle "EXT 2024"]
[Source "ChessBase"]
[SourceDate "2023.10.10"]
[SourceVersion "1"]
[SourceVersionDate "2023.10.10"]
[SourceQuality "1"]

1. e4 c5 2. Nf3 d6 3. d4 cxd4 4. Nxd4 Nf6 5. Nc3 a6 6. g3 e5 7. Nde2 h6 8. Bg2 Be6 9. 0-0 Be7 10. f4 Qb6+ 11. Kh1 Ng4 12. Qe1 Nf6 13. f5 Bc4 14. b3 Bxe2 15. Qxe2 Nbd7 16. Nd5 Nxd5 17. exd5 Qd4 18. Be3 Qc3 19. Be4 Nf6 20. Bg2 Rc8 21. Rf2 Qxa1+ 22. Rf1 Qc3 0-1

[Event "COL-chT"]
[Site "Villavicencio"]
[Date "2014.08.18"]
[Round "6.2"]
[White "Rodriguez, Carolina"]
[Black "Palomino Escobar, Daniel Fernando"]
[Result "1-0"]
[WhiteElo "1765"]
[BlackElo "1796"]
[PlyCount "97"]
[EventDate "2014.08.15"]
[EventType "team-swiss"]
[EventRounds "6"]
[EventCountry "COL"]
[SourceTitle "EXT 2015"]
[Source "ChessBase"]
[SourceDate "2014.11.20"]
[SourceVersion "1"]
[SourceVersionDate "2014.11.20"]
[SourceQuality "1"]
[WhiteTeam "Meta (W)"]
[BlackTeam "Cundinamarca (Sopo)"]
[WhiteTeamCountry "COL"]
[BlackTeamCountry "COL"]

1. e4 e6 2. d4 d5 3. Nd2 Nf6 4. e5 Nfd7 5. Bd3 c5 6. c3 cxd4 7. cxd4 Nc6 8. Ne2 f6 9. Nf4 Nxd4 10. Qh5+ Ke7 11. exf6+ Nxf6 12. Ng6+ hxg6 13. Qxh8 Kf7 14. Qh4 e5 15. Nf3 Nxf3+ 16. gxf3 Qb6 17. Rg1 Qb4+ 18. Qxb4 Bxb4+ 19. Ke2 Bf5 20. Bd2 Bd6 21. Bxf5 gxf5 22. Rg5 g6 23. Rag1 Rg8 24. a4 Nh7 25. R5g2 Nf8 26. b4 Rh8 27. a5 b6 28. axb6 axb6 29. Ra1 Ne6 30. Ra7+ Bc7 31. Rg1 Kf6 32. Rc1 Bd6 33. Rb7 Nd4+ 34. Kd3 Nxf3 35. Rxb6 e4+ 36. Ke2 Ke7 37. Ra1 Nxd2 38. Kxd2 Ke6 39. Raa6 Rd8 40. Rc6 Ke5 41. b5 Bb4+ 42. Ke2 d4 43. b6 d3+ 44. Kd1 Rb8 45. Ra7 Kd4 46. Rxg6 Bc5 47. Ra5 Kd5 48. h4 f4 49. f3 1-0

[Event "Pamplona IRT rap op (Women)"]
[Site "Pamplona"]
[Date "2012.11.09"]
[Round "1"]
[White "Rodriguez, Carolina"]
[Black "Herrera, Milena"]
[Result "0-1"]
[WhiteElo "1791"]
[BlackElo "2101"]
[PlyCount "82"]
[EventDate "2012.11.09"]
[EventType "swiss"]
[EventRounds "11"]
[EventCountry "COL"]
[SourceTitle "CBM 151 Extra"]
[Source "ChessBase"]
[SourceDate "2012.12.18"]
[SourceVersion "1"]
[SourceVersionDate "2012.12.18"]
[SourceQuality "1"]

1. e4 c5 2. Nf3 e6 3. d4 cxd4 4. Nxd4 a6 5. Nc3 Qc7 6. g3 Nc6 7. Bg2 Nf6 8. 0-0 Be7 9. a4 0-0 10. Nb3 b6 11. f4 d6 12. g4 d5 13. e5 Nd7 14. Kh1 Bb7 15. Ne2 Nc5 16. Nbd4 Ne4 17. c3 Na5 18. Ng3 Rad8 19. Qe2 Nxg3+ 20. hxg3 Nc6 21. Be3 Bc5 22. Nxc6 Bxc6 23. Bd4 Qd7 24. f5 exf5 25. gxf5 Bxa4 26. f6 Bxd4 27. cxd4 gxf6 28. exf6 Kh8 29. Qh5 Rg8 30. Rf4 Bc2 31. Bh3 Qd6 32. Re1 Bg6 33. Qe2 Qc6 34. Bf5 Rde8 35. Qd2 Bxf5 36. Rxf5 Qd6 37. Rxe8 Rxe8 38. Qh6 Qxg3 39. Rf1 Rg8 40. Qd2 Qh3+ 41. Qh2 Qxf1+ 0-1

[Event "American Continental 08th"]
[Site "Mar del Plata"]
[Date "2012.10.14"]
[Round "3"]
[White "De Souza Monteiro, Marcos Paulo"]
[Black "Rodriguez, Carolina"]
[Result "1-0"]
[WhiteElo "2040"]
[BlackElo "1776"]
[PlyCount "61"]
[EventDate "2012.10.12"]
[EventType "swiss"]
[EventRounds "11"]
[EventCountry "ARG"]
[SourceTitle "EXT 2013"]
[Source "ChessBase"]
[SourceDate "2012.11.22"]
[SourceVersion "1"]
[SourceVersionDate "2012.11.22"]
[SourceQuality "1"]

1. d4 Nf6 2. c4 g6 3. Nc3 Bg7 4. e4 d6 5. Nf3 0-0 6. Be2 e5 7. 0-0 Nc6 8. d5 Ne7 9. Ne1 Ne8 10. Be3 f5 11. f3 f4 12. Bf2 g5 13. b4 Rf7 14. c5 h5 15. cxd6 cxd6 16. Nb5 Ng6 17. Nxa7 Bd7 18. Nb5 Bf8 19. Nc3 Nf6 20. h3 h4 21. Bb5 Bc8 22. Na4 Nh5 23. Nb6 Rb8 24. Nxc8 Rxc8 25. Nd3 Ng3 26. Re1 Rc3 27. Qd2 Qc8 28. Nc5 Rxc5 29. bxc5 dxc5 30. d6 b6 31. Bc4 1-0